000 01116cam a2200337 i 4500
001 0000648
003 DO-SdBNP
005 20160902144306.0
007 0000648
008 100514s 2008 sp a | 000 f spa
015 _a
017 _a
_b
020 _a9788497512824
035 _a
040 _aBPMSU
_bspa
_cBPMSU
_e
080 _a
100 1 _aPavez Guzmán, María Mercedes
245 1 3 _aEl desarrollo narrativo en niños
_buna propuesta práctica para la evaluación y la intervención en niños con trastorno del lenguaje /
_cMaría Mercedes Pavez Guzmán, Carmen Julia Coloma Tirapequi, Mariangela Maggiolo Landaeta ; prólogo Juan Narbona
250 _aReimpr. 2010.
260 _aBarcelona :
_bLexus,
_c2008.
300 _a221 p.:
_bil.
_c25 cm
490 _aPsicopedagogía
500 _aIncluye índice alfabético de materias.
504 _aBibliografía p: 213-216
700 1 2 _aColoma Tirapegui, Carmen Julia
700 1 2 _aMaggiolo Landaeta, Mariangela
700 1 2 _aNarbona, Juan
_eprol.
830 _aPsicopedagogía
942 _2ddc
_cBK
956 _aYLOCKWARD
_810
_cBPMSU
999 _c11292
_d11292